000 00302nam a22001337a 4500
008 170927b xxu||||| |||| 00| 0 eng d
020 _a9780395432433
041 _aeng
080 _a37
100 _a46
101 _aEDU
245 _aPRACTICAL ENGLISH HANDBOOK
_cDELLINGHAM.W
942 _2udc
_cBK
999 _c30210
_d30210